00703 2200265 4500001002100000005001500021035002000036007000300056008004100059020001800100082000800118084001400126100003600140245007000176250001000246300001700256700002200273600001000295264003400305336002100339337003000360338002300390990001200413990001200425INLIS00000000000003220230705102853 a0010-0723000008ta230705 f  a979-3618-09-4 a813 a813 RAU z0 aRaudal Tanjung BanuaePengarang1 aZiarah Bagi Yang Hidup :bkumpulan cerpen /cRaudal Tanjung Banua acet 1 a135 ;c21 cm0 aAiensePenyunting 4aNovel aYogyakarta :bMatahari,c2004 2rdacontentateks 2rdamediaatanpa perantara 2rdacarrieravolume a17.0056 a17.0057